| 000 | 00858nam a22002057a 4500 | ||
|---|---|---|---|
| 005 | 20230529075314.0 | ||
| 008 | 221205b |||||||| |||| 00| 0 eng d | ||
| 020 | _a971-8551-91-x | ||
| 082 | _aFil. 302.2 G331 2005 | ||
| 100 |
_aGenilo, Jude William R. _eauthor |
||
| 245 |
_aCommunity-based communication: _ba new approach to development communication / _cJude William R. Genilo; edited by Ernie T Bhagwani |
||
| 260 |
_aQuezon City: _bGreat Books Publishing, _cc2005. |
||
| 300 | _a175p. | ||
| 504 | _aIncludes bibliographies | ||
| 541 | _e5360 c.1, 5361 c.2 | ||
| 650 | _aCommunication in agriculture - Philippines - San Jose (Tarlac City) | ||
| 650 | _aRice Farmers - Philippines - San Jose (Tarlac City) - Social conditions | ||
| 650 | _aFarmers - Philippines - San Jose (Tarlac City) - Economic condition | ||
| 700 |
_aBhagwani, Ernie T. _eeditor |
||
| 999 |
_c314 _d314 |
||